000 00428nam a2200181Ia 4500
005 20240823043941.0
008 240823s9999||||xx |||||||||||||| ||und||
041 _aENGLISH
082 _A005.43 N3
100 _aRichie C
245 0 _aOperating Systems
250 _a1st
260 _c1993
_b"BPB,New Delhi"
500 _aTRANSFERED
650 _aOperating System
_bComputer Applications
942 _cBK
999 _c211421
_d211421